[Event "Campeonato Absoluto de Gipuzkoa 2011"]
[Site "Donostia"]
[Date "2011.10.15"]
[Round "2"]
[Board "1"]
[White "Guijarro Galan, Jose Luis"]
[Black "Torres, Patrice"]
[Result "1-0"]
[WhiteElo "2177"]
[BlackElo "1964"]
[PlyCount "51"]
[EventDate "2011.10.08"]
[EventRounds "7"]
[EventCountry "ESP"]

1.e4 c5 2.Nf3 e6 3.d4 cxd4 4.Nxd4 Nf6 5.Nc3 d6 6.g4 e5 7.Nf5 h5 8.Bg5 hxg4
9.Bxf6 Qxf6 10.Nd5 Qd8 11.Nfe3 Nc6 12.c3 Be7 13.Be2 Bg5 14.Bxg4 Bxe3 15.Nxe3 Ne7
16.Bxc8 Nxc8 17.Qg4 g6 18.h4 Ne7 19.O-O-O Qd7 20.Qxd7+ Kxd7 21.Nc4 d5 22.Nxe5+
Ke6 23.Nf3 dxe4 24.Ng5+ Kf6 25.Nxe4+ Kg7 26.Rd7 1-0

[Event "Campeonato Absoluto de Gipuzkoa 2011"]
[Site "Donostia"]
[Date "2011.10.15"]
[Round "2"]
[Board "1"]
[White "Rodriguez Cabrera, Fco  Javier"]
[Black "Ros Eskisabel, Jose Ramon"]
[Result "1-0"]
[WhiteElo "1954"]
[BlackElo "2132"]
[PlyCount "91"]
[EventDate "2011.10.08"]
[EventRounds "7"]
[EventCountry "ESP"]

1.e4 e5 2.Nf3 Nc6 3.d4 exd4 4.Bc4 Nf6 5.O-O Nxe4 6.Re1 d5 7.Bxd5 Qxd5 8.Nc3 Qa5
9.Nxe4 Be6 10.Neg5 O-O-O 11.Nxe6 fxe6 12.Rxe6 Bd6 13.Qe2 Qh5 14.h3 Kd7 15.Ne5+
Qxe5 16.Rxe5 Bxe5 17.Qg4+ Kd6 18.Bg5 Rdf8 19.c3 h6 20.cxd4 Nxd4 21.Bd2 c5 22.f4
Bf6 23.Rd1 h5 24.Qg6 h4 25.b4 b6 26.bxc5+ bxc5 27.Ba5 Re8 28.Kh2 Re3 29.Qf7 Re7
30.Qc4 Rc8 31.Bb4 Re4 32.Qa6+ Rc6 33.Qd3 Rxf4 34.Bd2 Rf5 35.Be3 g6 36.Rf1 Be5+
37.Kh1 Rxf1+ 38.Qxf1 Nf5 39.Qd3+ Kc7 40.Qd5 Bd4 41.Qf7+ Kc8 42.Bf4 c4 43.Qd5 Kb7
44.Qd7+ Kb6 45.Bb8 Ng3+ 46.Bxg3 1-0

[Event "Campeonato Absoluto de Gipuzkoa 2011"]
[Site "Donostia"]
[Date "2011.10.15"]
[Round "2"]
[Board "1"]
[White "Ezpeleta Pradera, Juan Francisc"]
[Black "Nogues Fernandez, Ramon"]
[Result "0-1"]
[WhiteElo "2096"]
[BlackElo "1939"]
[PlyCount "120"]
[EventDate "2011.10.08"]
[EventRounds "7"]
[EventCountry "ESP"]

1.e4 c5 2.Nc3 Nc6 3.f4 g6 4.Nf3 Bg7 5.Bc4 e6 6.d3 Nge7 7.Bb3 d5 8.O-O O-O 9.Qe1
Nd4 10.Kh1 dxe4 11.Nxe4 b6 12.Ne5 Bb7 13.Qg3 Bxe4 14.dxe4 Bxe5 15.fxe5 Ne2
16.Qh3 Nxc1 17.Raxc1 Qc7 18.Rcd1 Rad8 19.Rxd8 Qxd8 20.Qh4 Nc6 21.Qf6 Qxf6
22.exf6 Ne5 23.c3 Rd8 24.h3 Rd2 25.Kg1 Nd3 26.Rd1 Rxd1+ 27.Bxd1 Nxb2 28.Bc2 Nc4
29.Kf2 Ne5 30.Ba4 g5 31.Ke3 h6 32.h4 Ng4+ 33.Kd3 gxh4 34.Be8 Nxf6 35.Bc6 Ng4
36.Bb5 Ne5+ 37.Ke3 Kg7 38.Kf4 Kf6 39.a3 Ng6+ 40.Ke3 Ke5 41.Ba6 Nf4 42.Kf3 f5
43.exf5 exf5 44.Bb7 Nd5 45.c4 Nf6 46.Bc8 Ne4 47.Ke3 Ng5 48.Bd7 h3 49.gxh3 Nxh3
50.Be8 Ng5 51.Bh5 f4+ 52.Kd3 Ne4 53.Bf3 Nf6 54.Bg2 h5 55.Bc6 h4 56.Bg2 Nh7
57.Bc6 Ng5 58.Bg2 f3 59.Bh1 Kf4 60.Kd2 Ne4+ 0-1

[Event "Campeonato Absoluto de Gipuzkoa 2011"]
[Site "Donostia"]
[Date "2011.10.15"]
[Round "2"]
[Board "1"]
[White "Tung, Siu Hung"]
[Black "Etxagibel Larranaga, Asier"]
[Result "0-1"]
[WhiteElo "1938"]
[BlackElo "2029"]
[PlyCount "72"]
[EventDate "2011.10.08"]
[EventRounds "7"]
[EventCountry "ESP"]

1.e4 c5 2.Nf3 d6 3.d4 cxd4 4.Nxd4 Nf6 5.Nc3 g6 6.Be3 Bg7 7.f3 a6 8.Qd2 Nbd7
9.Nde2 b5 10.g4 b4 11.Na4 Qa5 12.g5 Nxe4 13.fxe4 Qxa4 14.Qd5 Rb8 15.b3 Qb5
16.O-O-O Qxd5 17.exd5 Ne5 18.h3 Bb7 19.Bg2 O-O 20.h4 Rbc8 21.h5 Nd7 22.Bh3 Rc7
23.Nf4 Nc5 24.Bg2 Rfc8 25.Rd2 a5 26.Bh3 Ra8 27.Bxc5 Rxc5 28.Kb1 Ba6 29.hxg6 hxg6
30.Rf2 Bc8 31.Bf1 Bf5 32.Bc4 Rc7 33.Re1 a4 34.Rfe2 axb3 35.Bxb3 Rc3 36.Rc1 Rxb3+
0-1

[Event "Campeonato Absoluto de Gipuzkoa 2011"]
[Site "Donostia"]
[Date "2011.10.15"]
[Round "2"]
[Board "1"]
[White "Ruiz Abad, Juan Manuel"]
[Black "Uriarte Prieto, Goyo"]
[Result "1/2-1/2"]
[WhiteElo "1876"]
[BlackElo "2017"]
[PlyCount "78"]
[EventDate "2011.10.08"]
[EventRounds "7"]
[EventCountry "ESP"]

1.e4 e5 2.Nf3 Nc6 3.Bb5 f5 4.Nc3 fxe4 5.Nxe4 Nf6 6.Qe2 Be7 7.Bxc6 dxc6 8.Nxe5
O-O 9.O-O Bf5 10.d3 Bd6 11.Ng3 Nd5 12.c4 Nb4 13.Nxf5 Rxf5 14.Nf3 Qd7 15.d4 Re8
16.Be3 Nc2 17.Rad1 Nxe3 18.fxe3 Qe6 19.Rde1 Bb4 20.d5 cxd5 21.Nd4 Rxf1+ 22.Rxf1
Qxe3+ 23.Qxe3 Rxe3 24.Nc2 Bc5 25.Nxe3 Bxe3+ 26.Kh1 dxc4 27.Rd1 b5 28.g4 b4
29.Kg2 c5 30.Kf3 Bd4 31.Rd2 a5 32.Ke4 a4 33.Kd5 c3 34.bxc3 Bxc3 35.Rf2 Bd4
36.Rf3 b3 37.a3 Bb2 38.Kxc5 Bxa3+ 39.Kb5 Bc1 1/2-1/2

[Event "Campeonato Absoluto de Gipuzkoa 2011"]
[Site "Donostia"]
[Date "2011.10.15"]
[Round "2"]
[Board "1"]
[White "Ruiz Martinez, Isidro"]
[Black "Izagirre Alsua, Aritz"]
[Result "1-0"]
[WhiteElo "2014"]
[BlackElo "1781"]
[PlyCount "67"]
[EventDate "2011.10.08"]
[EventRounds "7"]
[EventCountry "ESP"]

1.e4 c5 2.Nf3 d6 3.d4 cxd4 4.Nxd4 Nf6 5.Nc3 a6 6.Bc4 e5 7.Nde2 Be6 8.Bb3 Nbd7
9.Be3 Be7 10.f3 b5 11.O-O O-O 12.Ng3 g6 13.Nd5 Bxd5 14.Bxd5 Nxd5 15.Qxd5 Qc7
16.c3 Nf6 17.Qd2 d5 18.Bg5 Rfd8 19.Qe2 d4 20.cxd4 Rxd4 21.Be3 Rd7 22.Rac1 Qb7
23.Rfd1 Rc8 24.Rxc8+ Qxc8 25.Rxd7 Nxd7 26.Qd1 Bc5 27.Nf1 Bxe3+ 28.Nxe3 Qc5
29.Kf2 Nb6 30.b3 f5 31.exf5 gxf5 32.Ke2 f4 33.Ng4 Nd5 34.Qxd5+ 1-0

[Event "Campeonato Absoluto de Gipuzkoa 2011"]
[Site "Donostia"]
[Date "2011.10.15"]
[Round "2"]
[Board "1"]
[White "Segovia Sanchez, Antonio"]
[Black "Parron Luceno, David"]
[Result "1-0"]
[WhiteElo "2006"]
[BlackElo "1582"]
[PlyCount "65"]
[EventDate "2011.10.08"]
[EventRounds "7"]
[EventCountry "ESP"]

1.d4 Nf6 2.Nf3 d5 3.Bf4 Bf5 4.e3 e6 5.Ne5 c6 6.c3 Qb6 7.Qb3 Qxb3 8.axb3 Bc2 9.b4
a6 10.Nd2 Nh5 11.Bg3 Nxg3 12.hxg3 Bd6 13.Nd3 Nd7 14.Nc5 Bxc5 15.bxc5 Bg6 16.Nb3
O-O 17.Na5 Rfb8 18.Ra3 Ra7 19.Kd2 Rc8 20.Rb3 Rc7 21.Be2 Kf8 22.Ra1 e5 23.Ra4
exd4 24.cxd4 Nf6 25.Rab4 Ne4+ 26.Ke1 Nf6 27.Rxb7 Bc2 28.Rxa7 Rxa7 29.Rb8+ Ne8
30.Nxc6 Rc7 31.Nb4 Bb3 32.Nxa6 Ra7 33.Rxb3 1-0

[Event "Campeonato Absoluto de Gipuzkoa 2011"]
[Site "Donostia"]
[Date "2011.10.15"]
[Round "2"]
[Board "1"]
[White "Gonzalez Blanco, Aitor"]
[Black "Olaizola Ortega, Luis"]
[Result "0-1"]
[WhiteElo "2025"]
[BlackElo "2217"]
[PlyCount "58"]
[EventDate "2011.10.08"]
[EventRounds "7"]
[EventCountry "ESP"]

1.e4 e6 2.d4 d5 3.Nd2 c5 4.c3 Nf6 5.e5 Nfd7 6.Bd3 Nc6 7.Ne2 cxd4 8.cxd4 Qb6
9.Nf3 f6 10.exf6 Nxf6 11.O-O Bd6 12.Re1 O-O 13.Ng3 Bd7 14.a3 Rae8 15.b4 e5
16.dxe5 Ng4 17.Ra2 Ncxe5 18.Nxe5 Bxe5 19.Be3 Nxe3 20.Rxe3 Bd4 21.Rxe8 Bxf2+
22.Kh1 Rxe8 23.Nf1 g6 24.Qf3 Rf8 25.Qe2 Qd4 26.h3 Bh4 27.g3 Bxh3 28.gxh4 Rxf1+
29.Kh2 Qf4+ 0-1

[Event "Campeonato Absoluto de Gipuzkoa 2011"]
[Site "Donostia"]
[Date "2011.10.22"]
[Round "3"]
[Board "1"]
[White "Etchegaray, Patrice"]
[Black "Ruiz Martinez, Isidro"]
[Result "1-0"]
[WhiteElo "2419"]
[BlackElo "2014"]
[PlyCount "0"]
[EventDate "2011.10.08"]
[EventRounds "7"]
[EventCountry "ESP"]

1. e4 e5 2. Bc4 Nf6 3. d3 Nc6 4. Nc3 Na5 5. Nge2 c6 6. a3 Nxc4 7. dxc4 d6 8.
O-O Be7 9. b3 O-O 10. a4 a5 11. Ba3 Qc7 12. Qd3 Bg4 13. h3 Bxe2 14. Qxe2 Rfd8
15. Rad1 Rd7 16. Rd3 Rad8 17. Rfd1 Bf8 18. Bc1 Be7 19. Kh1 Ne8 20. Ba3 Nf6 21.
Qd2 Bf8 22. Bb2 Qb6 23. Qe2 Be7 24. Qf3 Ne8 25. Ne2 Bf6 26. Bc1 Qc7 27. Ng3 g6
28. Nf1 Bg7 29. g4 b6 30. Bg5 f6 31. Bc1 Rf7 32. Ng3 Bf8 33. Kg2 Ng7 34. Be3
Re8 35. Qe2 Kh8 36. Bc1 Ne6 37. f3 Rd7 38. Qf2 Nc5 39. Rc3 Red8 40. Be3 d5 41.
cxd5 cxd5 42. exd5 Rxd5 43. Rxd5 Rxd5 44. Qe2 Qd8 45. Bxc5 Rd2 46. Bxf8 Rxe2+
47. Nxe2 Qxf8 48. Rc6 Qd8 49. Kf2 f5 50. gxf5 gxf5 51. Ng3 Qd7 52. Rc4 Kg7 53.
h4 Kg6 54. Ke2 b5 55. axb5 Qxb5 56. Kf2 f4 57. Ne4 Kh5 58. Rc5 Qb8 59. Rc6 Qa7+
60. Kg2 Qe3 61. Rc7 Qe2+ 62. Nf2 Kg6 63. Rc6+ Kf5 64. Rc7 h5 65. Rc6 Qd2 66. c4
Qd7 67. Ra6 Qd2 68. Rh6 e4 69. fxe4+ Ke5 70. Rxh5+ Kd4 71. Rd5+ 1-0

[Event "Campeonato Absoluto de Gipuzkoa 2011"]
[Site "Donostia"]
[Date "2011.10.22"]
[Round "3"]
[Board "1"]
[White "Segovia Sanchez, Antonio"]
[Black "Argandona Riveiro, Inigo"]
[Result "0-1"]
[WhiteElo "2006"]
[BlackElo "2387"]
[PlyCount "0"]
[EventDate "2011.10.08"]
[EventRounds "7"]
[EventCountry "ESP"]

1. d4 d6 2. Bf4 Nf6 3. e3 g6 4. Nf3 Bg7 5. h3 O-O 6. Be2 c5 7. O-O Qb6 8. Nbd2
cxd4 9. Nc4 Qc7 10. exd4 Be6 11. Ne3 Nd5 12. Bh2 Bh6 13. Ng4 Bf4 14. Bxf4 Nxf4
15. Ne3 Qa5 16. b4 Qh5 17. Re1 a5 18. b5 Nd7 19. Bf1 d5 20. Kh2 Nf6 21. Ne5
Qxd1 22. Nxd1 Rfc8 23. g3 N4h5 24. Bd3 Ng7 25. g4 Nge8 26. Ne3 Nd6 27. f4 Rc3
28. f5 gxf5 29. Nxf5 Bxf5 30. gxf5 Rac8 31. Rg1+ Kf8 32. Ng4 Nxg4+ 33. Rxg4
Rxc2+ 34. Bxc2 Rxc2+ 35. Rg2 Rxg2+ 36. Kxg2 Nxf5 37. Rc1 Ne3+ 38. Kf2 Nc4 39.
Rc3 f6 40. Kf3 Kf7 41. Kf4 e5+ 42. dxe5 fxe5+ 43. Kf5 e4 44. Rc1 e3 45. Re1 h5
46. Kf4 Kf6 47. Rg1 a4 48. h4 b6 49. Kf3 d4 50. Ke4 Ne5 51. Rf1+ Ke6 52. Re1 a3
53. Rd1 e2 54. Rg1 d3 55. Ke3 Kd5 56. Kf2 Ke4 57. Rg3 Nf3 0-1

[Event "Campeonato Absoluto de Gipuzkoa 2011"]
[Site "Donostia"]
[Date "2011.10.22"]
[Round "3"]
[Board "1"]
[White "Beitia Amador-Carrandi, Ernesto"]
[Black "Hernandez, Elvis"]
[Result "1/2-1/2"]
[WhiteElo "1968"]
[BlackElo "2303"]
[PlyCount "0"]
[EventDate "2011.10.08"]
[EventRounds "7"]
[EventCountry "ESP"]

1. e4 e6 2. Nc3 d5 3. d4 Bb4 4. e5 c5 5. a3 Bxc3+ 6. bxc3 Ne7 7. Nf3 Qa5 8. Bd2
Nbc6 9. a4 Bd7 10. Bd3 c4 11. Be2 f6 12. exf6 gxf6 13. Qb1 Rg8 14. g3 O-O-O 15.
Qb5 Qc7 16. Qc5 Be8 17. Bf4 Qd7 18. Nh4 b6 19. Qb5 Qb7 20. Qb2 e5 21. Be3 Bd7
22. Kd2 Na5 23. Qb4 Bc6 24. Rhe1 Qd7 25. Bf1 Kc7 26. dxe5 fxe5 27. Bf4 Kc8 28.
Bxe5 d4 29. cxd4 1/2-1/2

[Event "Campeonato Absoluto de Gipuzkoa 2011"]
[Site "Donostia"]
[Date "2011.10.22"]
[Round "3"]
[Board "1"]
[White "Nogues Fernandez, Ramon"]
[Black "Guijarro Galan, Jose Luis"]
[Result "1/2-1/2"]
[WhiteElo "1939"]
[BlackElo "2177"]
[PlyCount "0"]
[EventDate "2011.10.08"]
[EventRounds "7"]
[EventCountry "ESP"]

1. c4 Nf6 2. Nc3 e6 3. d4 d5 4. cxd5 exd5 5. Bg5 Be7 6. e3 Nbd7 7. Bd3 c5 8.
Nge2 c4 9. Bc2 a6 10. a4 Nf8 11. O-O Ne6 12. Bh4 h6 13. f3 O-O 14. Bg3 Nh5 15.
Bf2 Bd6 16. e4 Nhf4 17. e5 Bb8 18. Qc1 Nd3 19. Bxd3 cxd3 20. Nf4 Ba7 21. Nxd3
Nxd4 22. Qd1 Be6 23. Nf4 Nc6 1/2-1/2

[Event "Campeonato Absoluto de Gipuzkoa 2011"]
[Site "Donostia"]
[Date "2011.10.22"]
[Round "3"]
[Board "1"]
[White "Etxagibel Larranaga, Asier"]
[Black "Rodriguez Cabrera, Fco  Javier"]
[Result "1-0"]
[WhiteElo "2029"]
[BlackElo "1954"]
[PlyCount "0"]
[EventDate "2011.10.08"]
[EventRounds "7"]
[EventCountry "ESP"]

1. d4 Nf6 2. Bg5 g6 3. Bxf6 exf6 4. e3 Bg7 5. g3 O-O 6. Bg2 d5 7. Ne2 c6 8. O-O
Bf5 9. Nd2 Re8 10. b3 Na6 11. a3 Rc8 12. c4 Bd3 13. Re1 Nc7 14. Bh3 Bxe2 15.
Rxe2 f5 16. c5 Ne6 17. b4 b6 18. Nb3 bxc5 19. bxc5 Rb8 20. Rb1 Re7 21. Reb2
Reb7 22. Qc2 Bf6 23. Bf1 a5 24. Nc1 Rxb2 25. Rxb2 Rxb2 26. Qxb2 Nxc5 27. Qc2
Ne4 28. Qxc6 Be7 29. a4 Bb4 30. Bb5 Kg7 31. Nd3 Qd6 32. Nf4 Nc3 33. Qb7 Qe7 34.
Qxe7 Bxe7 35. Bc6 g5 36. Nxd5 Nxd5 37. Bxd5 g4 38. h3 h5 39. Kg2 Kf6 40. f3 Bb4
41. Bc4 Bd2 42. e4 Be3 43. e5+ Ke7 44. d5 Kd7 45. Bd3 gxh3+ 46. Kxh3 f4 47. g4
Bd4 48. Bf5+ Ke8 49. gxh5 Bxe5 50. Kg4 Kf8 51. Kg5 Kg7 52. h6+ Kg8 53. Be4 Kf8
54. Kf5 Bd6 55. Kf6 Bb4 56. Ke5 Ke7 57. h7 Bc3+ 58. Kxf4 Kd6 59. Kf5 Bh8 60. f4
Bc3 61. Bf3 Bh8 62. Ke4 Ke7 63. Kd3 f5 64. Kc4 Kd6 65. Kb5 Bc3 66. Bg2 Ke7 67.
Kc6 Kf7 68. d6 Bf6 69. Bh3 1-0

[Event "Campeonato Absoluto de Gipuzkoa 2011"]
[Site "Donostia"]
[Date "2011.10.22"]
[Round "3"]
[Board "1"]
[White "Uriarte Prieto, Goyo"]
[Black "Martin Alvarez, Inigo"]
[Result "0-1"]
[WhiteElo "2017"]
[BlackElo "2316"]
[PlyCount "0"]
[EventDate "2011.10.08"]
[EventRounds "7"]
[EventCountry "ESP"]

1. e4 c5 2. c3 Nf6 3. e5 Nd5 4. d4 d6 5. Nf3 Nc6 6. Bc4 e6 7. O-O cxd4 8. cxd4
Be7 9. Nc3 Nxc3 10. bxc3 dxe5 11. d5 exd5 12. Bxd5 Qa5 13. Bg5 O-O 14. Qb3 h6
15. Bxe7 Nxe7 16. Rfd1 Nxd5 17. Rxd5 Qb6 18. Rb5 Qc7 19. Rxe5 Be6 20. Qb2 Rfd8
21. Rae1 Rd3 22. R5e3 Rxe3 23. Rxe3 Qb6 24. Qd2 Qb1+ 25. Re1 Qxa2 26. Qe3 a5
27. h3 a4 28. Nd4 a3 29. Qc1 Qb2 30. Nxe6 Qxc1 31. Rxc1 fxe6 32. Ra1 a2 33. Kf1
Kf7 34. Ke2 e5 35. h4 Ke6 36. g3 Kd5 37. Kd2 Kc4 38. Kc2 e4 0-1

[Event "Campeonato Absoluto de Gipuzkoa 2011"]
[Site "Donostia"]
[Date "2011.10.22"]
[Round "3"]
[Board "1"]
[White "Ros Eskisabel, Jose Ramon"]
[Black "Ruiz Abad, Juan Manuel"]
[Result "0-1"]
[WhiteElo "2132"]
[BlackElo "1876"]
[PlyCount "0"]
[EventDate "2011.10.08"]
[EventRounds "7"]
[EventCountry "ESP"]

1. e4 c5 2. Nf3 Nc6 3. d4 cxd4 4. Nxd4 Nf6 5. Nc3 e5 6. Ndb5 d6 7. Bg5 a6 8.
Na3 b5 9. Bxf6 gxf6 10. Nd5 f5 11. Bd3 Be6 12. O-O Bxd5 13. exd5 Ne7 14. c3 Bg7
15. Nc2 e4 16. Be2 Rb8 17. Qd2 O-O 18. Rfd1 Kh8 19. Nd4 Qc8 20. Qg5 Qd7 21. Kh1
Be5 22. Qh5 f4 23. f3 Nxd5 24. fxe4 Ne3 25. Rd3 b4 26. Nb3 f5 27. Bf3 bxc3 28.
bxc3 Qb5 29. Be2 Qb7 30. Rxe3 fxe3 31. exf5 Qe4 32. Rf1 Bxc3 33. Nc1 Rb2 34.
Qh6 Rg8 35. Qh3 Qe7 36. Qf3 Bf6 37. g3 Qb7 38. Bc4 Rc8 39. Bb3 Rb1 0-1

[Event "Campeonato Absoluto de Gipuzkoa 2011"]
[Site "Donostia"]
[Date "2011.10.22"]
[Round "3"]
[Board "1"]
[White "Olaizola Ortega, Luis"]
[Black "D Anna Razzetti, Juan Pablo"]
[Result "1-0"]
[WhiteElo "2217"]
[BlackElo "1871"]
[PlyCount "0"]
[EventDate "2011.10.08"]
[EventRounds "7"]
[EventCountry "ESP"]

1. Nf3 d5 2. d4 Nf6 3. c4 e6 4. Nc3 c6 5. Bg5 Be7 6. e3 Nbd7 7. Bd3 h6 8. Bf4
O-O 9. h3 dxc4 10. Bxc4 b5 11. Bd3 b4 12. Na4 c5 13. O-O Bb7 14. Rc1 Rc8 15.
Qe2 cxd4 16. Rxc8 Qxc8 17. Nxd4 Nd5 18. Bh2 e5 19. Nf5 Re8 20. Qg4 g6 21. Nxh6+
Kg7 22. Nxf7 Nf8 23. Nxe5 Bf6 24. Qxc8 Rxc8 25. Rd1 Re8 26. Nc4 Bc6 27. Nc5 Nb6
28. Nd6 Re7 29. Rd2 Ne6 30. Nxe6+ Rxe6 31. Rc2 Bd5 32. Rc7+ Re7 33. Rxe7+ Bxe7
34. Be5+ Kh7 35. b3 a5 36. Bd4 a4 37. Bxb6 Bxd6 38. Bc2 Be5 39. f4 Bc3 40. e4
Be6 41. g4 a3 42. Kf2 Kg7 43. Ke3 Kf7 44. Bd4 Be1 45. Ke2 Bh4 46. f5 Bd7 47.
Bc5 Be7 48. fxg6+ 1-0

[Event "Campeonato Absoluto de Gipuzkoa 2011"]
[Site "Donostia"]
[Date "2011.10.22"]
[Round "3"]
[Board "1"]
[White "Izquierdo Arruferia, Joseba"]
[Black "Ezpeleta Pradera, Juan Francisc"]
[Result "0-1"]
[WhiteElo "1811"]
[BlackElo "2096"]
[PlyCount "64"]
[EventDate "2011.10.08"]
[EventRounds "7"]
[EventCountry "ESP"]

1. e4 c5 2. Nc3 Nc6 3. g3 g6 4. Bg2 Bg7 5. d3 e6 6. f4 Nge7 7. Nf3 d5 8. e5 Nf5
9. O-O O-O 10. Re1 a6 11. Ne2 Qc7 12. c3 Bd7 13. g4 Nfe7 14. Ng3 f5 15. g5 d4
16. c4 b5 17. Nd2 Rab8 18. b3 Nb4 19. Bf1 Rfc8 20. Ba3 Qa5 21. Bxb4 Qxb4 22.
Qc2 Qa5 23. Rec1 Bf8 24. Bg2 Nc6 25. Bxc6 Bxc6 26. Kf2 Rc7 27. Ngf1 Qb6 28. Ng3
h6 29. h4 hxg5 30. hxg5 Rh7 31. Nf3 Bxf3 32. Kxf3 Qc6+ 0-1

[Event "Campeonato Absoluto de Gipuzkoa 2011"]
[Site "Donostia"]
[Date "2011.10.22"]
[Round "3"]
[Board "1"]
[White "Alvarado Fernandez, Mikel"]
[Black "Galarraga Lasa, Jon Gurutz"]
[Result "1/2-1/2"]
[WhiteElo "2003"]
[BlackElo "1853"]
[PlyCount "159"]
[EventDate "2011.10.08"]
[EventRounds "7"]
[EventCountry "ESP"]

1. d4 Nf6 2. Bg5 d5 3. Bxf6 exf6 4. e3 Bd6 5. g3 c6 6. Bg2 O-O 7. Nd2 f5 8. c4
dxc4 9. Nxc4 Bc7 10. Ne2 Nd7 11. O-O Nf6 12. Qc2 Qe7 13. a3 Rd8 14. b4 Rb8 15.
Nc3 Be6 16. Nd2 g6 17. Rfc1 Nd5 18. Nxd5 Bxd5 19. b5 Bxg2 20. Kxg2 Bd6 21. bxc6
bxc6 22. Qxc6 Bxa3 23. Qc7 Qf8 24. Rcb1 Bb4 25. Nb3 Rdc8 26. Qxa7 Qe8 27. Kg1
Bd6 28. Nc5 Qc6 29. Rxb8 Rxb8 30. Nd3 Qc3 31. Qa6 Rb3 32. Rc1 Qxd3 33. Qxd6 Rb1
34. Qc5 Rb2 35. Qe5 Rb1 36. Qc7 Kg7 37. Qe5+ Kg8 38. Rxb1 Qxb1+ 39. Kg2 Qb7+
40. d5 Qb5 41. h4 h5 42. Kf3 Qa4 43. d6 Qd1+ 44. Kg2 Qa4 45. Qe7 Qa8+ 46. Kg1
Qa1+ 47. Kh2 Qf1 48. Qe8+ Kg7 49. Qe5+ Kg8 50. Qf4 Qd3 51. Kg2 Qd5+ 52. Kh2 Kg7
53. Qb4 Kf6 54. Qc3+ Ke6 55. Qc8+ Kxd6 56. Qd8+ Ke6 57. Qe8+ Kf6 58. Qh8+ Ke6
59. Qb2 Qf3 60. Qd2 Ke7 61. Kg1 Qb7 62. Kf1 Qb1+ 63. Ke2 Qb5+ 64. Kf3 Qc6+ 65.
Ke2 Qb5+ 66. Kd1 Qb1+ 67. Ke2 Qb5+ 68. Qd3 Qb2+ 69. Kf3 Qb7+ 70. e4 fxe4+ 71.
Qxe4+ Qxe4+ 72. Kxe4 Ke6 73. f3 f5+ 74. Kd4 Kd6 75. f4 Kd7 76. Kd5 Ke7 77. Ke5
Kf7 78. Kd6 Kf6 79. Kc5 Ke7 80. Kd5 1/2-1/2

[Event "Campeonato Absoluto de Gipuzkoa 2011"]
[Site "Donostia"]
[Date "2011.10.22"]
[Round "3"]
[Board "1"]
[White "Iglesias Gonzalez, Veronica"]
[Black "Irure Crespo, Egoitz"]
[Result "0-1"]
[WhiteElo "1786"]
[BlackElo "1993"]
[PlyCount "74"]
[EventDate "2011.10.08"]
[EventRounds "7"]
[EventCountry "ESP"]

1. d4 Nf6 2. Nf3 g6 3. g3 Bg7 4. Bg2 O-O 5. c4 d5 6. c5 b6 7. b4 bxc5 8. bxc5
Ne4 9. Ba3 c6 10. O-O Nd7 11. Nbd2 Nc3 12. Qe1 Ba6 13. Nb3 Nxe2+ 14. Kh1 e5 15.
Na5 Qc7 16. dxe5 Nxe5 17. Bb2 Nxf3 18. Bxf3 Bxb2 19. Rb1 Bc3 20. Qd1 Nxg3+ 21.
hxg3 Bxf1 22. Nxc6 Qxc6 23. Bxd5 Rad8 24. Bxc6 Rxd1 25. Rxd1 Be2 26. Rd7 Rc8
27. Bd5 Rxc5 28. Bxf7+ Kf8 29. Kg2 Bb5 30. Rxa7 Bc6+ 31. Kh3 Bf3 32. g4 Bd4 33.
Ra4 Be5 34. Bb3 g5 35. Ra7 Bf4 36. Rf7+ Ke8 37. Rf5 Rc1 0-1

[Event "Campeonato Absoluto de Gipuzkoa 2011"]
[Site "Donostia"]
[Date "2011.10.22"]
[Round "3"]
[Board "1"]
[White "Garro Beraza, Julen"]
[Black "Goni Garmendia, Aitor"]
[Result "1-0"]
[WhiteElo "1990"]
[BlackElo "1811"]
[PlyCount "75"]
[EventDate "2011.10.08"]
[EventRounds "7"]
[EventCountry "ESP"]

1. e4 c5 2. Nf3 d6 3. d4 cxd4 4. Nxd4 Nf6 5. Nc3 a6 6. f3 e5 7. Nb3 Be7 8. Be3
O-O 9. Qd2 Be6 10. O-O-O Nbd7 11. g4 b5 12. Rg1 Nb6 13. Qf2 Nc4 14. Bxc4 Bxc4
15. g5 Nh5 16. Nd5 Bxd5 17. Rxd5 Qc8 18. Rgd1 Qc4 19. Kb1 a5 20. Nd2 Qc6 21.
Nf1 g6 22. Ng3 Ng7 23. h4 b4 24. Qd2 Rfd8 25. f4 Ne6 26. f5 Nc7 27. Rd3 Nb5 28.
h5 Rab8 29. Rh1 Qc4 30. Qh2 Nc3+ 31. Kc1 Nxa2+ 32. Kd1 gxf5 33. Nxf5 Bf8 34. g6
b3 35. gxf7+ Kh8 36. Rg1 bxc2+ 37. Qxc2 Qxe4 38. Rg8# 1-0

[Event "Campeonato Absoluto de Gipuzkoa 2011"]
[Site "Donostia"]
[Date "2011.10.22"]
[Round "3"]
[Board "1"]
[White "Izagirre Alsua, Aritz"]
[Black "Tung, Siu Hung"]
[Result "1-0"]
[WhiteElo "1781"]
[BlackElo "1938"]
[PlyCount "73"]
[EventDate "2011.10.08"]
[EventRounds "7"]
[EventCountry "ESP"]

1. e4 d6 2. d4 g6 3. Be3 Nf6 4. f3 Bg7 5. Bd3 Na6 6. c3 c5 7. Ne2 cxd4 8. cxd4
O-O 9. O-O Nb4 10. Bb5 a6 11. Ba4 b5 12. Bb3 Nc6 13. Nd2 Bb7 14. h3 Rc8 15. f4
Na5 16. Bc2 Nc4 17. Nxc4 Rxc4 18. Bd3 Rc8 19. Ng3 h5 20. d5 h4 21. Ne2 e6 22.
dxe6 fxe6 23. Nd4 Qd7 24. f5 exf5 25. exf5 Bd5 26. fxg6 Be4 27. Rxf6 Rxf6 28.
Bxe4 d5 29. Bd3 Rcf8 30. Qh5 Bh8 31. Qxh4 Re8 32. Bg5 Ref8 33. Bxf6 Bxf6 34.
Qh7+ Qxh7 35. gxh7+ Kh8 36. Ne6 Rf7 37. Rc1 1-0

[Event "Campeonato Absoluto de Gipuzkoa 2011"]
[Site "Donostia"]
[Date "2011.10.22"]
[Round "3"]
[Board "1"]
[White "Fernandez Zubitur, Jokin"]
[Black "Aizpurua Zufiria, Inaki"]
[Result "1-0"]
[WhiteElo "1928"]
[BlackElo "1622"]
[PlyCount "55"]
[EventDate "2011.10.08"]
[EventRounds "7"]
[EventCountry "ESP"]

1. e4 d5 2. exd5 Qxd5 3. Nc3 Qa5 4. d4 Nf6 5. Bd2 c6 6. Nf3 Bg4 7. Be2 e6 8.
O-O Qc7 9. Ne5 Bxe2 10. Nxe2 Bd6 11. f4 Nbd7 12. b4 O-O 13. c4 b6 14. Qc2 c5
15. dxc5 bxc5 16. Nxd7 Qxd7 17. b5 Rfd8 18. Rf3 Bc7 19. Bc3 Qe7 20. Rh3 h6 21.
Re1 Rd7 22. Qb2 Bd8 23. f5 exf5 24. Ng3 Qf8 25. Nxf5 Be7 26. Nxh6+ gxh6 27.
Bxf6 Bxf6 28. Qxf6 1-0

[Event "Campeonato Absoluto de Gipuzkoa 2011"]
[Site "Donostia"]
[Date "2011.10.22"]
[Round "3"]
[Board "1"]
[White "Parron Luceno, David"]
[Black "Sanchez Ruesga, Hector"]
[Result "0-1"]
[WhiteElo "1582"]
[BlackElo "1897"]
[PlyCount "124"]
[EventDate "2011.10.08"]
[EventRounds "7"]
[EventCountry "ESP"]

1. b4 d5 2. Bb2 e6 3. e3 Nf6 4. a3 Nbd7 5. d4 Nb6 6. c3 Bd6 7. Nf3 O-O 8. Nbd2
Bd7 9. Qc2 a5 10. b5 a4 11. Bd3 Qe8 12. c4 dxc4 13. Nxc4 Bxb5 14. Nxd6 cxd6 15.
O-O Rc8 16. Qe2 Bxd3 17. Qxd3 Nc4 18. Bc3 Nd5 19. Bb4 Nxb4 20. axb4 d5 21. Rfb1
b5 22. Rc1 Qe7 23. Rcb1 Rc7 24. Ne1 Rfc8 25. Nc2 Nd2 26. Rb2 Nb3 27. Rab1 Qd7
28. g3 Rc3 29. Qe2 Qc6 30. Ne1 Nc1 31. Qd1 a3 32. Rd2 a2 33. Ra1 Nb3 34. Rdxa2
Nxa1 35. Rxa1 Rc1 36. Rxc1 Qxc1 37. Qe2 Qc4 38. Qd2 Qc3 39. Qxc3 Rxc3 40. Kg2
Rb3 41. Nf3 Rxb4 42. Ne5 Kf8 43. Kf3 Rb2 44. Nd3 Rd2 45. Nb4 Ke7 46. h4 Kd6 47.
Kg2 Rb2 48. Nd3 Rd2 49. Nb4 Kc7 50. Kf1 Rd1+ 51. Ke2 Rc1 52. Kd3 Kb6 53. Kd2
Rc4 54. Nd3 b4 55. Ne5 Rc7 56. Nd3 Kb5 57. Nb2 b3 58. Kd1 Kb4 59. Nd3+ Ka3 60.
Nc5 Ka2 61. Nd3 b2 62. Nb4+ Kb3 0-1

[Event "Campeonato Absoluto de Gipuzkoa 2011"]
[Site "Donostia"]
[Date "2011.10.29"]
[Round "4"]
[Board "1"]
[White "Argandona Riveiro, Inigo"]
[Black "Etchegaray, Patrice"]
[Result "1/2-1/2"]
[WhiteElo "2387"]
[BlackElo "2419"]
[PlyCount "0"]
[EventDate "2011.10.08"]
[EventRounds "7"]
[EventCountry "ESP"]

1. d4 Nf6 2. Nf3 g6 3. c4 Bg7 4. Nc3 O-O 5. e4 d6 6. Be3 e5 7. dxe5 dxe5 8.
Qxd8 Rxd8 9. Nd5 Rd7 10. Nxf6+ Bxf6 11. c5 Nc6 12. Bb5 Rd8 13. Bxc6 bxc6 14.
Nd2 Ba6 15. O-O-O Be2 16. Rde1 Bd3 17. f3 a5 18. Nb1 Bc4 19. b3 Bb5 20. Rd1 a4
21. Rxd8+ Rxd8 22. Rd1 axb3 23. axb3 h5 24. Nc3 Bf1 25. g3 Kf8 1/2-1/2